00459nam a2200181 a 450000100060000000300090000600800410001502000150005604000280007108200160009910000200011524500160013526000550015130000100020649000280021665000230024465000100026719900CO-ViMGA141112s2004 ck r 000 u spa d a950151935X aCO-ViMGAbspacCO-ViMGA04a648.1 K357m1 aKent, Cassandra10aLas manchas aBarcelona : bJavier Vergara, cGrupo Zeta, c1999 a72 p. a101 Consejos esenciales14aCUIDADOS DEL HOGAR14aHOGAR